A guide to statistical calculations / (Record no. 6688)
[ view plain ]
| 000 -LEADER | |
|---|---|
| fixed length control field | 00650cam a22002411 4500 |
| 001 - CONTROL NUMBER | |
| control field | 6688 |
| 003 - CONTROL NUMBER IDENTIFIER | |
| rucl marc code | BD-RjUL |
| 005 - DATE AND TIME OF LATEST TRANSACTION | |
| control field | 20211208234307.0 |
| 008 - FIXED-LENGTH DATA ELEMENTS--GENERAL INFORMATION | |
| fixed length control field | 140112s1958 nyua s 000 0 eng d |
| 035 ## - SYSTEM CONTROL NUMBER | |
| System control number | (BD-RjUL)6729 |
| System control number | (OCoLC)243352 |
| 040 ## - CATALOGING SOURCE | |
| Original cataloging agency | DLC |
| Transcribing agency | OAkU |
| Modifying agency | WaChenE |
| -- | DLC |
| -- | (BD-RjUL) |
| Language of cataloging | eng |
| 041 ## - LANGUAGE CODE | |
| Language code of text/sound track or separate title | eng |
| 082 00 - DEWEY DECIMAL CLASSIFICATION NUMBER | |
| Classification number | 311.2 |
| Author mark and year | YUG |
| 100 1# - MAIN ENTRY--PERSONAL NAME | |
| Personal name | Yuker, Harold E. |
| 9 (RLIN) | 21026 |
| 245 12 - TITLE STATEMENT | |
| Title | A guide to statistical calculations / |
| Statement of responsibility, etc. | Yuker, Harold E. |
| 260 ## - PUBLICATION, DISTRIBUTION, ETC. (IMPRINT) | |
| Place of publication, distribution, etc. | New York : |
| Name of publisher, distributor, etc. | Putnam ; |
| Date of publication, distribution, etc. | [c1958] |
| 300 ## - PHYSICAL DESCRIPTION | |
| Pagination | 95 p. : |
| Illustrations | illus. ; |
| Size | 24 cm. |
| 650 #0 - SUBJECT ADDED ENTRY--TOPICAL TERM | |
| Topical term or geographic name as entry element | Statistics. |
| 9 (RLIN) | 21027 |
| 942 ## - ADDED ENTRY ELEMENTS (KOHA) | |
| Source of classification or shelving scheme | Dewey Decimal Classification |
| Koha item type | Books |
| Lost status | Source of classification or shelving scheme | Damaged status | Not for loan | Collection code | Permanent Location | Current Location | Shelving location | Date acquired | Source of acquisition | Total Checkouts | Full call number | Date last seen | Copy number | Koha item type |
|---|---|---|---|---|---|---|---|---|---|---|---|---|---|---|
| Dewey Decimal Classification | Not For Loan | Non-fiction | Central Library, University of Rajshahi | Central Library, University of Rajshahi | 15/06/1967 | Asia foundation Gift | 311.2 YUG 1958 | 12/01/2014 | C-1 | Books |